| 000 | 01147nam a2200289 i 4500 | ||
|---|---|---|---|
| 001 | 15802 | ||
| 003 | ES-MaACL | ||
| 005 | 20250728062556.0 | ||
| 007 | t| | ||
| 008 | 000508s1999 sp ||||0| spa j | ||
| 020 | _a84-88973-83-7 | ||
| 040 |
_aM-BN _bspa _cM-BN |
||
| 080 | _a347.476(460) | ||
| 080 | _a347.449(460) | ||
| 100 | 1 |
_aJerez Delgado, Carmen. _966334 |
|
| 245 | 1 | 4 |
_aLos actos jurídicos objetivamente fraudulentos _b: (la acción de rescisión por fraude de acreedores) / _cCarmen Jerez Delgado ; prólogo de Antonio-Manuel Morales Moreno. |
| 260 |
_a[Madrid] : _bCentro de Estudios Registrales, _c[1999] |
||
| 300 |
_a432 p. ; _c23 cm. |
||
| 490 | 1 | _aMonografías | |
| 650 | 1 | 4 |
_aDeudores y acreedores- _zEspaña. _911846 |
| 650 | 1 | 4 |
_aRescisión (Derecho)- _zEspaña. _916859 |
| 710 | 2 |
_aColegio de Registradores de la Propiedad y Mercantiles de España. _bCentro de Estudios Registrales. _9162314 |
|
| 730 | 0 |
_aMonografías (Centro de Estudios Registrales) _9179814 |
|
| 830 | 0 | 0 |
_aMonografías (Centro de Estudios Benaventanos "Ledo del Pozo") _9177262 |
| 852 |
_aES-MaACL _jL-22930 _bR.127140 |
||
| 999 |
_c15802 _d15802 |
||